Click Chain #8 - Statistics

General Stats
  • This quiz has been taken 12,710 times
  • The average score is 20 of 30
Answer Stats
Hint Answer % Correct
The longest reigning British monarch of the 1800s was Queen: Victoria
100%
…which is a state in southeast: Australia
95%
…one of which is the: Tasmanian Devil
86%
...which was theorized by: Darwin
76%
…who often tried to eat: Bugs Bunny
75%
…which is home to 70% of extant species of: Marsupials
75%
...which is the largest city in: New Mexico
75%
...which is the first name of famed poet: Whitman
74%
...which gained independence in: 2002
73%
...which is a logical place to build a: Canal
72%
...which is the usual haunt for Captain: Sparrow
71%
...which is a perfect: Square
71%
...which has a tile count of: 144
70%
…which, during the Opium Wars, was snapped up by: The British Empire
68%
...which is double the number of nights spent telling stories in: Arabia
67%
...who is the namesake of a small country in the: Caribbean
66%
…which is the seat for the government who, in 1997, reclaimed: Hong Kong
66%
...which lies on a: Peninsula
66%
...which was the site of a massacre and the “Gate of Heavenly Peace”, or: Tiananmen
66%
...where there is a famous "cook" on television named: Walter
65%
...where one of the gimmicks is instantaneous: Evolution
64%
...which was self-mutilated by: Vincent
64%
...who seemed to frequently take a wrong turn at: Albuquerque
61%
...whose major work is Leaves of: Grass
61%
...which is a tube located in the: Ear
60%
…which is in central: Beijing
58%
...which could be connected to the mainland by an: Isthmus
57%
...which is only 686 kilometres from: East Timor
48%
...which is the translation for the original Chinese name of: Mahjong
43%
...which is one of the types of: Pokémon
43%
No matching quizzes found
Score Distribution
Percent of People with Each Score
Percentile by Number Answered
Your Score History
You have not taken this quiz